Vodosnabženije v Sibiri

Salvato in:
Dettagli Bibliografici
Autore principale: Porjadin, A.F (Autore)
Natura: Libro
Lingua:russo
Pubblicazione: Leningrad : Strojizdat, 1983
Tags: Aggiungi Tag
Nessun Tag, puoi essere il primo ad aggiungerne!!

MARC

LEADER 00000nam a22000003a 4500
001 stu199765
005 20150617230109.5
008 100215s1983----xxr-----------------rus-d
040 |a STU  |b slo 
041 0 |a rus 
044 |a xxr 
080 |a 628.1/571.1/5/ 
100 1 |a Porjadin, A.F.  |4 aut 
245 1 |a Vodosnabženije v Sibiri 
260 |a Leningrad :  |b Strojizdat,  |c 1983 
300 |a 131 s 
996 |c V*25698/O-10541  |l VV17  |s P  |a 0  |w stu199765_0001